[Event "LSS RF-2011-0-00084"]
[Site "LSS email"]
[Date "2011.06.22"]
[Round "?"]
[White "Shim Ng Min, Francis"]
[Black "Chavez, Hector Raul"]
[Result "1-0"]
[WhiteElo "1131"]
[BlackElo "1080"]
[PlyCount "117"]
[EventDate "2011.05.11"]
[EventType "tourn (corr)"]
[EventRounds "6"]
[EventCountry "GER"]
[SourceTitle "Telechess CBM 147"]
[Source "ChessBase"]
[SourceDate "2012.03.16"]
[SourceVersion "1"]
[SourceVersionDate "2012.03.16"]
[SourceQuality "1"]

1. e4 a6 2. d4 c5 3. Nf3 e6 4. Be3 Nf6 5. e5 Nd5 6. Bd2 cxd4 7. Nxd4 Nc6 8. Nxc6 bxc6 9. c4 Nc7 10. Be2 d5 11. exd6 Bxd6 12. Nc3 0-0 13. 0-0 e5 14. Ne4 Be7 15. Ba5 Qxd1 16. Raxd1 Ne6 17. Rfe1 Nd4 18. Bf1 Rb8 19. b3 Bb4 20. Bxb4 Rxb4 21. Nc5 f6 22. f4 Nc2 23. Re2 Bg4 24. Rxc2 Bxd1 25. Rd2 Bg4 26. Nxa6 Rb6 27. Nc5 exf4 28. Rd4 Ra8 29. Rxf4 Bd1 30. Na4 Rbb8 31. h3 Rb4 32. Rd4 Bh5 33. Bd3 h6 34. Rd6 Rbxa4 35. bxa4 Rxa4 36. Rxc6 Rxa2 37. Rc8+ Kf7 38. c5 Rd2 39. Bc4+ Ke7 40. Bb5 Be2 41. Re8+ Kf7 42. Rxe2 Rd1+ 43. Kh2 Rc1 44. Be8+ Kf8 45. c6 g5 46. Bd7 h5 47. Re8+ Kf7 48. Rh8 h4 49. Ra8 Ke7 50. Ra7 Kd6 51. Be8 Rc2 52. Rd7+ Ke6 53. Bf7+ Ke5 54. Bd5 Rc3 55. Bf3 f5 56. c7 Kf4 57. Bb7 g4 58. c8Q g3+ 59. Kg1 1-0

[Event "ZL-2011-0-00910"]
[Site "LSS email"]
[Date "2011.05.08"]
[Round "?"]
[White "Janicki, Michael"]
[Black "Chavez, Hector Raul"]
[Result "1-0"]
[WhiteElo "1124"]
[BlackElo "1137"]
[PlyCount "55"]
[EventDate "2011.04.30"]
[EventType "match (corr)"]
[EventRounds "2"]
[EventCountry "GER"]
[SourceTitle "Telechess CBM 145"]
[Source "Chessbase"]
[SourceDate "2011.11.11"]
[SourceVersion "1"]
[SourceVersionDate "2011.11.11"]
[SourceQuality "1"]

1. d4 a6 2. c4 b5 3. e4 bxc4 4. Bxc4 d6 5. Ne2 Nf6 6. Nbc3 g6 7. 0-0 Bg7 8. e5 dxe5 9. dxe5 Qxd1 10. Rxd1 Nfd7 11. Bd5 c6 12. Bb3 Nxe5 13. f4 Ng4 14. h3 Nf6 15. Be3 0-0 16. Rac1 Bb7 17. Na4 Nbd7 18. Nd4 Nd5 19. Nxc6 Bxc6 20. Rxc6 Nxe3 21. Rxd7 Bh6 22. Nb6 Rab8 23. Rxe7 Bxf4 24. Nd7 Rb7 25. Nf6+ Kg7 26. Rxb7 Bg5 27. Rc8 Bxf6 28. Rxf8 1-0

[Event "LSS RE-2010-0-00044"]
[Site "LSS email"]
[Date "2010.09.20"]
[Round "?"]
[White "Chavez, Hector Raul"]
[Black "Bouguern, Abd El Halim"]
[Result "0-1"]
[WhiteElo "1195"]
[BlackElo "1316"]
[PlyCount "100"]
[EventDate "2010.05.04"]
[EventType "tourn (corr)"]
[EventRounds "6"]
[EventCountry "GER"]
[SourceTitle "Telechess CBM 145"]
[Source "Chessbase"]
[SourceDate "2011.11.11"]
[SourceVersion "1"]
[SourceVersionDate "2011.11.11"]
[SourceQuality "1"]

1. e4 c5 2. Nf3 Nc6 3. d4 cxd4 4. Nxd4 Nf6 5. Nc3 e5 6. Ndb5 d6 7. Bd3 a6 8. Na3 Be7 9. 0-0 Nb4 10. h3 Nxd3 11. cxd3 Be6 12. d4 0-0 13. d5 Bd7 14. Be3 b5 15. b4 Qb8 16. Nc2 Rc8 17. Qd3 Rc7 18. Rfc1 Nh5 19. Ne2 Qb7 20. Ne1 Rac8 21. Rxc7 Rxc7 22. Rc1 Rxc1 23. Bxc1 Qc8 24. Qc3 f5 25. Qxc8+ Bxc8 26. exf5 Nf6 27. g4 Nxd5 28. Bd2 Nb6 29. Nc3 Bb7 30. Kf1 e4 31. Ke2 d5 32. f3 exf3+ 33. Nxf3 Bxb4 34. Nd4 Nc4 35. Be1 Be7 36. Bg3 Bf6 37. Bf2 Nd6 38. h4 h5 39. g5 Bxd4 40. Bxd4 Nxf5 41. Bf2 d4 42. Nd1 Bd5 43. a3 Kf7 44. Nb2 Ke6 45. Kd3 Ke5 46. Be1 Kf4 47. Bd2+ Kf3 48. Be1 Be4+ 49. Kd2 Ne3 50. Kc1 Ke2 0-1

[Event "LSS No Engine Cup 20 Preliminary 1"]
[Site "LSS email"]
[Date "2010.04.05"]
[Round "?"]
[White "Chavez, Hector Raul"]
[Black "Jochem, Alessandro Gil"]
[Result "1-0"]
[WhiteElo "1222"]
[BlackElo "1621"]
[PlyCount "79"]
[EventDate "2010.04.06"]
[EventType "tourn (corr)"]
[EventRounds "6"]
[EventCountry "GER"]
[SourceTitle "Telechess CBM 141"]
[Source "ChessBase"]
[SourceDate "2011.03.17"]
[SourceVersion "1"]
[SourceVersionDate "2011.03.17"]
[SourceQuality "1"]

1. e4 d5 2. exd5 Nf6 3. Nc3 Nxd5 4. Nxd5 Qxd5 5. Qf3 e6 6. Qxd5 exd5 7. Nf3 Bg4 8. Be2 Nc6 9. 0-0 0-0-0 10. h3 Bh5 11. g4 Bg6 12. d3 Bc5 13. Bf4 h5 14. Nd2 hxg4 15. hxg4 Rh7 16. Kg2 Rdh8 17. Nb3 Bd6 18. Bxd6 cxd6 19. Rh1 Nb4 20. a3 Nc6 21. Rxh7 Rxh7 22. Rc1 Ne5 23. f4 Nc6 24. f5 Ne5 25. fxg6 Nxg6 26. Kg3 Ne5 27. Nd4 a6 28. Nf3 Kd7 29. b3 Rh6 30. d4 Nc6 31. Bd3 f6 32. Re1 b5 33. b4 Rh8 34. Bf5+ Kc7 35. Bd3 Kd7 36. Kg2 Ne7 37. Rh1 Rxh1 38. Kxh1 Ke6 39. Nh4 Nc6 40. Nf3 1-0

[Event "LSS RE-2010-0-00038"]
[Site "LSS email"]
[Date "2010.04.02"]
[Round "?"]
[White "Chavez, Hector Raul"]
[Black "Tausnev, Bladimir"]
[Result "0-1"]
[WhiteElo "1320"]
[BlackElo "1483"]
[PlyCount "38"]
[EventDate "2010.01.12"]
[EventType "tourn (corr)"]
[EventRounds "6"]
[EventCountry "GER"]
[SourceTitle "Corr 2022"]
[Source "ChessBase"]
[SourceDate "2021.10.24"]
[SourceVersion "1"]
[SourceVersionDate "2021.10.24"]
[SourceQuality "1"]

1. d3 d5 2. e3 e5 3. Nd2 Nf6 4. b3 Bd6 5. Bb2 0-0 6. Ne2 Nc6 7. g3 Bf5 8. Bg2 Qd7 9. 0-0 Rad8 10. e4 dxe4 11. dxe4 Bh3 12. Qe1 Bxg2 13. Kxg2 Bb4 14. f3 Qxd2 15. Qxd2 Rxd2 16. Kf2 Rxc2 17. Rab1 Bc5+ 18. Ke1 Rd8 19. Rc1 Bb4+ 0-1

[Event "LSS SE-2010-0-00042"]
[Site "LSS email"]
[Date "2010.03.23"]
[Round "?"]
[White "Chavez, Hector Raul"]
[Black "Ferluga, Sergio"]
[Result "0-1"]
[WhiteElo "1267"]
[BlackElo "1469"]
[PlyCount "80"]
[EventDate "2010.01.20"]
[EventType "tourn (corr)"]
[EventRounds "6"]
[EventCountry "GER"]
[SourceTitle "Telechess CBM 141"]
[Source "ChessBase"]
[SourceDate "2011.03.17"]
[SourceVersion "1"]
[SourceVersionDate "2011.03.17"]
[SourceQuality "1"]

1. d4 Nf6 2. c4 g6 3. Nf3 Bg7 4. g3 0-0 5. Bg2 c6 6. 0-0 d6 7. Nc3 Qa5 8. e4 Bg4 9. h3 Bxf3 10. Bxf3 Nbd7 11. a3 c5 12. d5 a6 13. Qc2 b5 14. cxb5 axb5 15. Bd2 c4 16. Be2 Nc5 17. f3 Nb3 18. Rad1 Nd4 19. Qb1 b4 20. axb4 Qxb4 21. Be3 Nxe2+ 22. Nxe2 Rfb8 23. Nd4 Qxb2 24. Qxb2 Rxb2 25. Rc1 Raa2 26. Rf2 Bh6 27. Bxh6 Rxf2 28. Rxc4 Rg2+ 29. Kf1 Kh8 30. Rc8+ Ng8 31. Bf4 Rh2 32. Kg1 h6 33. h4 Rhg2+ 34. Kh1 Rh2+ 35. Kg1 Rhg2+ 36. Kf1 Kg7 37. g4 Nf6 38. Rc1 Raf2+ 39. Ke1 Nxg4 40. fxg4 Rxf4 0-1

[Event "LSS SE-2010-0-00042"]
[Site "LSS email"]
[Date "2010.03.23"]
[Round "?"]
[White "Eilering, David L"]
[Black "Chavez, Hector Raul"]
[Result "1-0"]
[WhiteElo "1241"]
[BlackElo "1253"]
[PlyCount "67"]
[EventDate "2010.01.20"]
[EventType "tourn (corr)"]
[EventRounds "6"]
[EventCountry "GER"]
[SourceTitle "Telechess CBM 141"]
[Source "ChessBase"]
[SourceDate "2011.03.17"]
[SourceVersion "1"]
[SourceVersionDate "2011.03.17"]
[SourceQuality "1"]

1. c4 d6 2. Nc3 b6 3. d4 e6 4. e4 Bb7 5. Bd3 Nd7 6. Nf3 Ne7 7. h4 g6 8. h5 Nf6 9. hxg6 Nxg6 10. Bg5 Be7 11. Qd2 Qd7 12. e5 Ng8 13. exd6 Bxd6 14. 0-0-0 Be7 15. d5 0-0-0 16. Nb5 exd5 17. Bxg6 fxg6 18. Ne5 Qf5 19. Nxa7+ Kb8 20. Nac6+ Bxc6 21. Nxc6+ Kb7 22. Nxe7 Nxe7 23. Bxe7 Rd7 24. Bh4 d4 25. Qd3 Qxd3 26. Rxd3 c5 27. Kd2 Rf7 28. Re1 g5 29. Bxg5 Rxf2+ 30. Re2 Rf5 31. Re7+ Kc8 32. Ra3 Kb8 33. Bh4 Rg8 34. Bg3+ 1-0

[Event "LSS CP-2009-P-00024"]
[Site "LSS email"]
[Date "2009.09.27"]
[Round "?"]
[White "Bergmann, Michael"]
[Black "Chavez, Hector Raul"]
[Result "1-0"]
[WhiteElo "2498"]
[BlackElo "1321"]
[PlyCount "57"]
[EventDate "2009.10.01"]
[EventType "tourn (corr)"]
[EventRounds "6"]
[EventCountry "GER"]
[SourceTitle "Telechess CBM 137"]
[Source "ChessBase"]
[SourceDate "2010.07.15"]
[SourceVersion "1"]
[SourceVersionDate "2010.07.15"]
[SourceQuality "1"]

1. e4 e6 2. d4 d6 3. Nc3 Nd7 4. Nf3 Ne7 5. Bd3 g6 6. Be3 Bg7 7. Qd2 h6 8. 0-0 b6 9. a4 a6 10. d5 e5 11. Rfe1 Bb7 12. a5 b5 13. Rad1 Nf6 14. h3 g5 15. Na2 Qd7 16. Nb4 g4 17. hxg4 Nxg4 18. Rc1 Nf6 19. c4 bxc4 20. Rxc4 c5 21. dxc6 Nxc6 22. Nxc6 Bxc6 23. Rec1 Bb5 24. Rc7 Qe6 25. Bxb5+ axb5 26. Nh4 Nxe4 27. Qd3 Nf6 28. Ng6 fxg6 29. Qxg6+ 1-0

[Event "LSS CP-2009-P-00024"]
[Site "LSS email"]
[Date "2009.09.27"]
[Round "?"]
[White "Chavez, Hector Raul"]
[Black "Kharitonov, Aleksandr Alekseevi"]
[Result "0-1"]
[WhiteElo "1296"]
[BlackElo "2169"]
[PlyCount "66"]
[EventDate "2009.10.01"]
[EventType "tourn (corr)"]
[EventRounds "6"]
[EventCountry "GER"]
[SourceTitle "Corr 2013"]
[Source "ChessBase"]
[SourceDate "2012.11.12"]
[SourceVersion "1"]
[SourceVersionDate "2012.11.12"]
[SourceQuality "1"]
[WhiteTeam "US of America"]
[BlackTeam "US of America"]
[WhiteTeamCountry "USA"]
[BlackTeamCountry "USA"]

1. e3 d5 2. b3 Nf6 3. Bb2 Bg4 4. Ne2 Nc6 5. h3 Bh5 6. d3 e5 7. Nd2 Bd6 8. g3 0-0 9. Bg2 h6 10. 0-0 a5 11. a3 Re8 12. Qe1 Qd7 13. Nc3 Bf8 14. Qc1 d4 15. Nd1 Rad8 16. e4 a4 17. b4 Na7 18. Kh2 c5 19. bxc5 Bxc5 20. Nf3 Bxf3 21. Bxf3 Rc8 22. Qd2 Nb5 23. Be2 Rc6 24. c4 dxc3 25. Nxc3 Nd4 26. Bd1 Nb3 27. Bxb3 axb3 28. Qd1 Bd4 29. Qxb3 Bxc3 30. Rab1 Qxd3 31. Qxb7 Rec8 32. Bxc3 Rxc3 33. Rbd1 Qf3 0-1

[Event "LSS ZL-2009-0-00546"]
[Site "LSS email"]
[Date "2009.06.30"]
[Round "?"]
[White "Aleixandre, Pascal"]
[Black "Chavez, Hector Raul"]
[Result "1-0"]
[WhiteElo "1208"]
[BlackElo "1195"]
[PlyCount "71"]
[EventDate "2009.06.18"]
[EventType "match (corr)"]
[EventRounds "2"]
[EventCountry "GER"]
[SourceTitle "Telechess CBM 147"]
[Source "ChessBase"]
[SourceDate "2012.03.16"]
[SourceVersion "1"]
[SourceVersionDate "2012.03.16"]
[SourceQuality "1"]

1. d4 e6 2. e4 d6 3. Nf3 Nd7 4. c4 g6 5. Nc3 Bg7 6. Bg5 Ne7 7. d5 e5 8. Be2 b6 9. 0-0 h6 10. Be3 Nf6 11. h3 0-0 12. Qc2 Nh5 13. Bd3 f5 14. exf5 gxf5 15. Nh4 f4 16. Bd2 a6 17. a4 Bb7 18. Be4 Nf6 19. b4 Nxe4 20. Qxe4 Bc8 21. a5 Bb7 22. g3 fxg3 23. fxg3 b5 24. cxb5 Rxf1+ 25. Rxf1 axb5 26. Ng6 Nxg6 27. Qxg6 Qe8 28. Qxe8+ Rxe8 29. Nxb5 Re7 30. Rc1 Bxd5 31. Nxc7 Bf3 32. b5 Rd7 33. b6 e4 34. Be3 d5 35. b7 Rd8 36. Ne6 1-0

[Event "LSS ZL-2009-0-00546"]
[Site "LSS email"]
[Date "2009.06.30"]
[Round "?"]
[White "Chavez, Hector Raul"]
[Black "Aleixandre, Pascal"]
[Result "1/2-1/2"]
[WhiteElo "1345"]
[BlackElo "1224"]
[PlyCount "94"]
[EventDate "2009.06.18"]
[EventType "match (corr)"]
[EventRounds "2"]
[EventCountry "GER"]
[SourceTitle "Corr 2011"]
[Source "ChessBase"]
[SourceDate "2010.08.31"]
[SourceVersion "1"]
[SourceVersionDate "2010.08.31"]
[SourceQuality "1"]

1. d3 e5 2. b3 d5 3. Bb2 Nc6 4. e3 Nf6 5. Nd2 Bb4 6. Ne2 e4 7. d4 Ng4 8. h3 Nf6 9. g3 Bd7 10. a3 Bd6 11. Bg2 Qe7 12. c4 dxc4 13. Nxc4 0-0-0 14. Nxd6+ Qxd6 15. 0-0 Rde8 16. Nc3 a6 17. Rc1 Bf5 18. Qc2 Re7 19. Rfd1 Rhe8 20. Na2 Nd5 21. Bf1 Nd8 22. Qc5 Kb8 23. Qxd6 cxd6 24. Rc2 Be6 25. Bc4 Rc7 26. Nc3 Nxc3 27. Rxc3 d5 28. Bf1 Rxc3 29. Bxc3 f5 30. Rc1 Nc6 31. Bd2 Bd7 32. h4 h6 33. b4 Na7 34. Bc3 Nb5 35. Bb2 g5 36. hxg5 hxg5 37. Rc5 Nc7 38. Rc1 Rf8 39. Kg2 f4 40. gxf4 gxf4 41. exf4 Rxf4 42. Be2 Bg4 43. Bxg4 Rxg4+ 44. Kf1 Rf4 45. Ke2 Nb5 46. a4 Nd6 47. Rg1 Rf5 1/2-1/2

[Event "LSS RD-2009-0-00023"]
[Site "LSS email"]
[Date "2009.06.01"]
[Round "?"]
[White "Chavez, Hector Raul"]
[Black "Laureles, Raymundo"]
[Result "0-1"]
[WhiteElo "1316"]
[BlackElo "1624"]
[PlyCount "110"]
[EventDate "2009.03.24"]
[EventType "tourn (corr)"]
[EventRounds "6"]
[EventCountry "GER"]
[SourceTitle "Corr 2011"]
[Source "ChessBase"]
[SourceDate "2010.08.31"]
[SourceVersion "1"]
[SourceVersionDate "2010.08.31"]
[SourceQuality "1"]

1. b3 d5 2. d3 e5 3. Bb2 Nc6 4. Nd2 Nf6 5. e3 Bd6 6. Ne2 Bg4 7. h3 Be6 8. g3 Qd7 9. Bg2 0-0-0 10. a3 h5 11. c4 Be7 12. Qc2 dxc4 13. dxc4 Bf5 14. e4 Bg6 15. Rd1 h4 16. g4 Qd3 17. Qxd3 Rxd3 18. Nc3 Bxa3 19. Bxa3 Rxc3 20. Bb2 Rd3 21. Ke2 Rhd8 22. f3 R3d7 23. Nb1 Nd4+ 24. Bxd4 exd4 25. Nd2 c5 26. Ra1 Kb8 27. Ra2 Re7 28. Rha1 b6 29. Ra4 a5 30. Re1 Nh7 31. Kf2 Ng5 32. f4 Ne6 33. f5 Nf4 34. fxg6 Nd3+ 35. Kf1 Nxe1 36. Kxe1 fxg6 37. Ra1 Rf8 38. Ke2 Ref7 39. Rf1 Rxf1 40. Bxf1 Kc7 41. Bg2 Kd6 42. Nf3 Rh8 43. Ng5 Ke7 44. Nf3 Kf6 45. Kd3 g5 46. Bf1 Ra8 47. Nd2 a4 48. bxa4 Rxa4 49. Kc2 Ra2+ 50. Kd1 Ke5 51. Bd3 Kf4 52. Nf1 Kf3 53. e5 Kg2 54. e6 Ra7 55. Ke2 Re7 0-1

[Event "LSS RD-2009-0-00023"]
[Site "LSS email"]
[Date "2009.05.31"]
[Round "?"]
[White "Chavez, Hector Raul"]
[Black "Urbaniak, Marcin"]
[Result "0-1"]
[WhiteElo "1459"]
[BlackElo "1400"]
[PlyCount "24"]
[EventDate "2009.03.24"]
[EventType "tourn (corr)"]
[EventRounds "6"]
[EventCountry "GER"]
[SourceTitle "Corr 2013"]
[Source "ChessBase"]
[SourceDate "2012.11.12"]
[SourceVersion "1"]
[SourceVersionDate "2012.11.12"]
[SourceQuality "1"]

1. b3 c5 2. d3 Nc6 3. Bb2 d5 4. Nd2 Nf6 5. e3 e5 6. Ne2 d4 7. g3 dxe3 8. fxe3 Nd5 9. e4 Ne3 10. Qc1 Nb4 11. Bxe5 Nexc2+ 12. Kd1 Ne3+ 0-1

[Event "LSS RD-2009-0-00020"]
[Site "LSS email"]
[Date "2009.04.24"]
[Round "?"]
[White "Nobrac, Andrzej"]
[Black "Chavez, Hector Raul"]
[Result "1-0"]
[WhiteElo "1292"]
[BlackElo "1459"]
[PlyCount "79"]
[EventDate "2009.02.24"]
[EventType "tourn (corr)"]
[EventRounds "6"]
[EventCountry "GER"]
[SourceTitle "Corr 2011"]
[Source "ChessBase"]
[SourceDate "2010.08.31"]
[SourceVersion "1"]
[SourceVersionDate "2010.08.31"]
[SourceQuality "1"]

1. e4 c6 2. d4 d5 3. Nc3 dxe4 4. Nxe4 Nf6 5. Nxf6+ exf6 6. Nf3 Bd6 7. Bd3 Qe7+ 8. Be3 0-0 9. 0-0 Nd7 10. Re1 Qd8 11. c4 Qc7 12. Rc1 Bf4 13. b4 Bxe3 14. Rxe3 Nb6 15. Qd2 Qd8 16. Qc2 g6 17. Rce1 Be6 18. a4 a5 19. b5 Qc7 20. Nd2 Rac8 21. Rc1 Qd7 22. Qb2 Bf5 23. Bxf5 Qxf5 24. bxc6 Rxc6 25. d5 Rd6 26. Qa3 Rd7 27. Qb3 Nc8 28. Qb5 b6 29. Rf3 Na7 30. Rxf5 Nxb5 31. Rxf6 Rd6 32. Ne4 Rxf6 33. Nxf6+ Kg7 34. Nd7 Nd4 35. Rd1 Nf3+ 36. gxf3 Re8 37. Nxb6 Re2 38. d6 Rb2 39. c5 Rc2 40. d7 1-0

[Event "LSS RD-2009-0-00020"]
[Site "LSS email"]
[Date "2009.04.20"]
[Round "?"]
[White "Chavez, Hector Raul"]
[Black "Schalkwijk, Peter H"]
[Result "0-1"]
[WhiteElo "1459"]
[BlackElo "1513"]
[PlyCount "50"]
[EventDate "2009.02.24"]
[EventType "tourn (corr)"]
[EventRounds "6"]
[EventCountry "GER"]
[SourceTitle "Corr 2011"]
[Source "ChessBase"]
[SourceDate "2010.08.31"]
[SourceVersion "1"]
[SourceVersionDate "2010.08.31"]
[SourceQuality "1"]

1. d4 g6 2. c4 Bg7 3. Nf3 Nf6 4. Nc3 0-0 5. e3 c6 6. Bd3 d5 7. 0-0 Bg4 8. h3 Bxf3 9. Qxf3 dxc4 10. Bxc4 Qd6 11. Ne4 Nxe4 12. Bd3 Ng5 13. Qe2 Nd7 14. h4 Ne6 15. Rb1 c5 16. dxc5 Ndxc5 17. Bc2 Rfd8 18. h5 Qc6 19. hxg6 hxg6 20. Rd1 Rxd1+ 21. Bxd1 Qe4 22. Qc2 Rd8 23. Qxe4 Rxd1+ 24. Kh2 Nxe4 25. f3 Nf2 0-1

[Event "LSS RD-2009-0-00020"]
[Site "LSS email"]
[Date "2009.04.19"]
[Round "?"]
[White "Chavez, Hector Raul"]
[Black "Bokros, Janos"]
[Result "0-1"]
[WhiteElo "1459"]
[BlackElo "1695"]
[PlyCount "54"]
[EventDate "2009.02.24"]
[EventType "tourn (corr)"]
[EventRounds "6"]
[EventCountry "GER"]
[SourceTitle "Corr 2011"]
[Source "ChessBase"]
[SourceDate "2010.08.31"]
[SourceVersion "1"]
[SourceVersionDate "2010.08.31"]
[SourceQuality "1"]

1. d4 d5 2. c4 e6 3. Nf3 Nf6 4. e3 Be7 5. Nc3 0-0 6. Bd3 dxc4 7. Bxc4 c5 8. 0-0 a6 9. dxc5 Bxc5 10. Qe2 b5 11. Bd3 Nbd7 12. Ne4 Bb7 13. Nxc5 Nxc5 14. Bc2 Be4 15. Bxe4 Nfxe4 16. Nd2 f5 17. Nxe4 fxe4 18. b3 Nd3 19. Qg4 Qd5 20. Qe2 a5 21. Bb2 a4 22. bxa4 Rxa4 23. a3 b4 24. axb4 Ra2 25. Rfb1 Rxf2 26. Qxf2 Nxf2 27. Bd4 Nd3 0-1

[Event "LSS RD-2009-0-00020"]
[Site "LSS email"]
[Date "2009.04.19"]
[Round "?"]
[White "Sadler, Kirk"]
[Black "Chavez, Hector Raul"]
[Result "1-0"]
[WhiteElo "1587"]
[BlackElo "1459"]
[PlyCount "35"]
[EventDate "2009.02.24"]
[EventType "tourn (corr)"]
[EventRounds "6"]
[EventCountry "GER"]
[SourceTitle "Corr 2011"]
[Source "ChessBase"]
[SourceDate "2010.08.31"]
[SourceVersion "1"]
[SourceVersionDate "2010.08.31"]
[SourceQuality "1"]

1. e4 c6 2. d4 d5 3. e5 Bf5 4. Nf3 e6 5. Be2 c5 6. c3 Nd7 7. 0-0 Qc7 8. Be3 c4 9. b3 b5 10. a4 bxa4 11. bxc4 dxc4 12. Qxa4 Rc8 13. Rc1 Ne7 14. Na3 Kd8 15. Nb5 Nb6 16. Qa6 Qd7 17. Nd6 Rc7 18. Nxf7+ 1-0

[Event "LSS CP-2008-P-00053"]
[Site "LSS email"]
[Date "2008.10.01"]
[Round "?"]
[White "Starace, Umberto"]
[Black "Chavez, Hector Raul"]
[Result "1-0"]
[WhiteElo "2069"]
[BlackElo "1450"]
[PlyCount "31"]
[EventDate "2008.10.01"]
[EventType "tourn (corr)"]
[EventRounds "6"]
[EventCountry "GER"]
[SourceTitle "Corr 2013"]
[Source "ChessBase"]
[SourceDate "2012.11.12"]
[SourceVersion "1"]
[SourceVersionDate "2012.11.12"]
[SourceQuality "1"]
[WhiteTeam "US of America"]
[BlackTeam "US of America"]
[WhiteTeamCountry "USA"]
[BlackTeamCountry "USA"]

1. e4 c6 2. d4 d5 3. e5 Bf5 4. Nf3 e6 5. Be2 Nd7 6. 0-0 c5 7. c4 Ne7 8. Nc3 dxc4 9. Bxc4 cxd4 10. Nxd4 Nxe5 11. Qa4+ N5c6 12. Rd1 Qd7 13. Nxf5 Qxd1+ 14. Nxd1 Nxf5 15. Bb5 Rc8 16. Qxa7 1-0

[Event "LSS CP-2008-P-00053"]
[Site "LSS email"]
[Date "2008.10.01"]
[Round "?"]
[White "Suwara, Kazimierz"]
[Black "Chavez, Hector Raul"]
[Result "1-0"]
[WhiteElo "1819"]
[BlackElo "1203"]
[PlyCount "53"]
[EventDate "2008.10.01"]
[EventType "tourn (corr)"]
[EventRounds "6"]
[EventCountry "GER"]
[SourceTitle "Corr 2013"]
[Source "ChessBase"]
[SourceDate "2012.11.12"]
[SourceVersion "1"]
[SourceVersionDate "2012.11.12"]
[SourceQuality "1"]
[WhiteTeam "US of America"]
[BlackTeam "US of America"]
[WhiteTeamCountry "USA"]
[BlackTeamCountry "USA"]

1. e4 c6 2. d4 d5 3. Nc3 dxe4 4. Nxe4 Nf6 5. Nxf6+ exf6 6. Bc4 Bd6 7. Qe2+ Qe7 8. Qxe7+ Bxe7 9. Ne2 0-0 10. Bd3 Rd8 11. c3 c5 12. Be3 cxd4 13. Nxd4 a6 14. 0-0-0 Nc6 15. Nxc6 bxc6 16. Be4 Bb7 17. Bb6 Rd6 18. Rxd6 Bxd6 19. Rd1 Bf4+ 20. Kc2 g6 21. Rd7 f5 22. Bf3 Bc8 23. Rd8+ Kg7 24. Bd4+ Kh6 25. h4 Rb8 26. Rg8 Be6 27. Bg7# 1-0

[Event "IECG TG.2006.0.15553"]
[Site "IECG email"]
[Date "2006.01.21"]
[Round "1"]
[White "Digalakis, Georgios"]
[Black "Chavez, Hector Raul"]
[Result "1-0"]
[WhiteElo "1500"]
[BlackElo "1450"]
[PlyCount "73"]
[EventDate "2006.01.22"]
[EventType "match (corr)"]
[EventRounds "2"]
[SourceTitle "Corr 2008"]
[Source "ChessBase"]
[SourceDate "2008.06.24"]
[SourceVersion "1"]
[SourceVersionDate "2008.06.24"]
[SourceQuality "1"]

1. d4 Nf6 2. c4 g6 3. Nc3 d5 4. Nf3 Bg7 5. Qb3 dxc4 6. Qxc4 0-0 7. e4 a6 8. Qb3 b5 9. e5 Nfd7 10. Be3 c5 11. e6 c4 12. exf7+ Rxf7 13. Qd1 Nb6 14. a3 Nd5 15. Qd2 Nc6 16. Be2 Nxc3 17. bxc3 e6 18. Ng5 Rf8 19. Bf3 Qe8 20. 0-0 Bd7 21. Rfe1 Rd8 22. Qc2 e5 23. d5 Ne7 24. Bc5 Rc8 25. Bb4 Rf5 26. Ne4 Rxf3 27. Nd6 Qd8 28. Nxc8 Nxc8 29. gxf3 Bh3 30. Qd2 Nd6 31. Rad1 Bf5 32. Qa2 Qg5+ 33. Kh1 Qf6 34. Bxd6 Qxd6 35. a4 Bd7 36. axb5 Bxb5 37. Re4 1-0